Twentieth century prose (Record no. 9076)

MARC details
000 -LEADER
fixed length control field 00598cam a2200229ua 4500
008 - FIXED-LENGTH DATA ELEMENTS--GENERAL INFORMATION
fixed length control field 170329n ii |||gr||||Z||||||eng
020 ## - INTERNATIONAL STANDARD BOOK NUMBER
International Standard Book Number 9780195660401
040 ## - CATALOGING SOURCE
Transcribing agency MAIN
041 ## - LANGUAGE CODE
-- eng
082 ## - DEWEY DECIMAL CLASSIFICATION NUMBER
Classification number 808.8
100 ## - MAIN ENTRY--PERSONAL NAME
Personal name Misra, Udayan,
Relator term
245 ## - TITLE STATEMENT
Title Twentieth century prose
Statement of responsibility, etc. Ed. by Udayan Misra and others
250 ## - EDITION STATEMENT
Edition statement 9th imp.
260 ## - PUBLICATION, DISTRIBUTION, ETC.
Place of publication, distribution, etc. New Delhi:
Name of publisher, distributor, etc. Oxford,
Date of publication, distribution, etc. 2011.
300 ## - PHYSICAL DESCRIPTION
Extent 234p.
700 ## - ADDED ENTRY--PERSONAL NAME
Personal name Goswami, Atul,
Relator term
700 ## - ADDED ENTRY--PERSONAL NAME
Personal name Mahanta, Aparna Dutta,
Relator term
700 ## - ADDED ENTRY--PERSONAL NAME
Personal name Goswami, Prafulla,
Relator term
942 ## - ADDED ENTRY ELEMENTS (KOHA)
Koha item type Books
653 ## - INDEX TERM--UNCONTROLLED
Uncontrolled term English prose
Holdings
Withdrawn status Lost status Damaged status Not for loan Home library Current library Shelving location Date acquired Total Checkouts Full call number Barcode Date last seen Date last checked out Copy number Price effective from Koha item type
        Central Library, Naharkatiya College Central Library, Naharkatiya College General Stacks 19/09/2020 12 808.8English text book | TWE 23619 26/09/2022 26/09/2022 3 19/09/2020 Books
        Central Library, Naharkatiya College Central Library, Naharkatiya College General Stacks 19/09/2020 9 808.8English text book | TWE 23620 21/09/2022 10/09/2022 4 19/09/2020 Books
        Central Library, Naharkatiya College Central Library, Naharkatiya College General Stacks 19/09/2020 2 808.8English text book | TWE 23621 15/10/2022 15/10/2022 2 19/09/2020 Books
        Central Library, Naharkatiya College Central Library, Naharkatiya College General Stacks 19/09/2020 12 808.8English text book | TWE 23622 08/10/2022 21/09/2022 1 19/09/2020 Books

Naharkatiya College © 2020. All rights reserved.

Powered By